000
00263nam a2200109Ia 4500
008
190216s9999||||xx |||||||||||||| ||und||
100
_a
Sharma
245
0
_a
Kunchan Nambiarum Adehathinde Krithikalum
260
_b
Nbs Kottayam
650
_a
Kavithkal
942
_c
BK
999
_c
25390
_d
25390